[Event "Gothenburg"]
[Site "Gothenburg"]
[Date "1996.??.??"]
[Round "1"]
[White "Brynell, Stellan"]
[Black "Shulman, Yuri"]
[Result "1/2-1/2"]
[WhiteElo "2445"]
[BlackElo "2555"]
[PlyCount "34"]
[EventDate "1996.08.??"]
[EventType "tourn"]
[EventRounds "9"]
[EventCountry "SWE"]
[EventCategory "10"]
[SourceTitle "EXT 2001"]
[Source "ChessBase"]
[SourceDate "2000.11.22"]
[SourceVersion "1"]
[SourceVersionDate "2000.11.22"]
[SourceQuality "1"]

{[%evp 0,34,30,24,51,44,64,15,29,21,16,16,30,17,10,-10,17,17,17,28,30,32,33,-1,
34,8,18,7,37,54,48,20,17,-7,-10,0,15]} 1. e4 c5 2. Nf3 e6 3. c3 d5 4. exd5 exd5
5. d4 Nc6 6. Bb5 Bd6 7. dxc5 Bxc5 8. O-O Nge7 9. Nbd2 O-O 10. Nb3 Bd6 11. Bg5
Qc7 12. Re1 a6 13. Bd3 Bg4 14. h3 Bh5 15. Be2 Rfe8 16. Nh4 Bxe2 17. Rxe2 Rad8
1/2-1/2

[Event "Gothenburg"]
[Site "Gothenburg"]
[Date "1996.??.??"]
[Round "1"]
[White "Gdanski, Jacek"]
[Black "Agrest, Evgenij"]
[Result "1/2-1/2"]
[WhiteElo "2485"]
[BlackElo "2460"]
[PlyCount "87"]
[EventDate "1996.08.??"]
[EventType "tourn"]
[EventRounds "9"]
[EventCountry "SWE"]
[EventCategory "10"]
[SourceTitle "EXT 2001"]
[Source "ChessBase"]
[SourceDate "2000.11.22"]
[SourceVersion "1"]
[SourceVersionDate "2000.11.22"]
[SourceQuality "1"]

{[%evp 0,87,19,38,40,46,59,38,50,38,53,64,48,48,55,12,15,7,15,14,-7,-21,11,-16,
-25,-24,41,-51,-6,-6,-2,9,-5,-3,8,2,28,-24,9,-29,-30,-4,0,-11,0,0,0,-2,-13,-11,
-12,-8,7,18,17,20,17,-3,10,32,6,6,8,6,6,0,42,78,99,106,77,98,98,0,-1,0,0,0,0,0,
0,0,0,0,0,0,0,0,0,0]} 1. e4 c5 2. Nc3 e6 3. Nge2 a6 4. g3 d6 5. Bg2 Nc6 6. O-O
Be7 7. d3 Nf6 8. f4 O-O 9. h3 d5 10. e5 Ne8 11. g4 f6 12. exf6 Bxf6 13. g5 Bxc3
14. bxc3 Nd6 15. Ng3 Ne7 16. Qe1 Ndf5 17. Nxf5 Nxf5 18. Kh2 Qc7 19. a4 Bd7 20.
a5 Rae8 21. Qe5 Rc8 22. Qxc7 Rxc7 23. Bd2 c4 24. d4 Rb8 25. Rfe1 Rc6 26. Bc1
Be8 27. Ba3 Bg6 28. Bc5 Kf7 29. Re2 Nd6 30. Rae1 Nb5 31. Bb4 Bf5 32. Bf3 b6 33.
Re5 Nc7 34. axb6 Rbxb6 35. Rxf5+ exf5 36. Bh5+ g6 37. Re7+ Kg8 38. Bf3 Rb5 39.
Rd7 a5 40. Bd6 Rxd6 41. Rxd6 Rb8 42. Rc6 Rb7 43. Rd6 Rb8 44. Rc6 1/2-1/2

[Event "Gothenburg"]
[Site "Gothenburg"]
[Date "1996.??.??"]
[Round "1"]
[White "Hellsten, Johan"]
[Black "Schneider, Lars Ake"]
[Result "1-0"]
[WhiteElo "2485"]
[BlackElo "2380"]
[PlyCount "83"]
[EventDate "1996.08.??"]
[EventType "tourn"]
[EventRounds "9"]
[EventCountry "SWE"]
[EventCategory "10"]
[SourceTitle "EXT 2001"]
[Source "ChessBase"]
[SourceDate "2000.11.22"]
[SourceVersion "1"]
[SourceVersionDate "2000.11.22"]
[SourceQuality "1"]

1. d4 Nf6 2. c4 e6 3. Nf3 b6 4. g3 Bb7 5. Bg2 Be7 6. Nc3 d5 7. cxd5 exd5 8.
Qa4+ c6 9. Bg5 O-O 10. Bxf6 Bxf6 11. O-O Qe7 12. Rad1 Nd7 13. Rfe1 c5 14. e3
Rfd8 15. Rd2 Nf8 16. Ne2 Ne6 17. Nf4 Nxf4 18. exf4 Qd7 19. Qd1 c4 20. Ne5 Qc7
21. Qh5 g6 22. Qh6 Bg7 23. Qh4 b5 24. f5 gxf5 25. Bh3 f6 26. Nf3 Re8 27. Bxf5
Rxe1+ 28. Nxe1 Re8 29. Qxh7+ Kf8 30. Nf3 Bc8 31. Kg2 b4 32. h4 c3 33. bxc3 bxc3
34. Rc2 Qc4 35. h5 Bxf5 36. Qxf5 Re4 37. h6 Bxh6 38. Qxf6+ Ke8 39. Qg6+ Kd7 40.
Qxh6 Qd3 41. Qh7+ Kc6 42. Ne5+ 1-0

[Event "Gothenburg"]
[Site "Gothenburg"]
[Date "1996.??.??"]
[Round "1"]
[White "Ziegler, Ari"]
[Black "Chernin, Alexander"]
[Result "1-0"]
[WhiteElo "2455"]
[BlackElo "2635"]
[PlyCount "79"]
[EventDate "1996.08.??"]
[EventType "tourn"]
[EventRounds "9"]
[EventCountry "SWE"]
[EventCategory "10"]
[SourceTitle "EXT 2001"]
[Source "ChessBase"]
[SourceDate "2000.11.22"]
[SourceVersion "1"]
[SourceVersionDate "2000.11.22"]
[SourceQuality "1"]

1. d4 Nf6 2. c4 c5 3. d5 b5 4. cxb5 a6 5. e3 g6 6. Nc3 Bg7 7. a4 O-O 8. Bc4 Ne8
9. Rb1 Nd6 10. Be2 axb5 11. axb5 Qa5 12. Bd2 Qb4 13. Nf3 Nc4 14. O-O Nxd2 15.
Qxd2 d6 16. Ra1 Ra5 17. h3 Nd7 18. Rfb1 Bb7 19. Ne1 Nb6 20. Qc1 Rxa1 21. Rxa1
Nxd5 22. Ra7 Bxc3 23. bxc3 Nxc3 24. Bf1 Be4 25. Rxe7 d5 26. f3 Bf5 27. Rc7 Ra8
28. g4 Bb1 29. Ng2 Ra2 30. Qe1 Ra8 31. Qg3 Nxb5 32. Rb7 c4 33. Qe5 Qc5 34. Nf4
Rd8 35. Qf6 Rf8 36. Kg2 Qxe3 37. Rxb5 Bd3 38. Bxd3 cxd3 39. Rxd5 d2 40. Qd6 1-0

[Event "Gothenburg"]
[Site "Gothenburg"]
[Date "1996.??.??"]
[Round "2"]
[White "Agrest, Evgenij"]
[Black "Shulman, Yuri"]
[Result "0-1"]
[WhiteElo "2460"]
[BlackElo "2555"]
[PlyCount "104"]
[EventDate "1996.08.??"]
[EventType "tourn"]
[EventRounds "9"]
[EventCountry "SWE"]
[EventCategory "10"]
[SourceTitle "EXT 2001"]
[Source "ChessBase"]
[SourceDate "2000.11.22"]
[SourceVersion "1"]
[SourceVersionDate "2000.11.22"]
[SourceQuality "1"]

1. d4 Nf6 2. c4 g6 3. Nc3 Bg7 4. e4 d6 5. h3 O-O 6. Bg5 e5 7. dxe5 dxe5 8. Qxd8
Rxd8 9. Nd5 Nbd7 10. Nxc7 Rb8 11. Nd5 h6 12. Bxf6 Nxf6 13. Bd3 b5 14. b3 bxc4
15. Bxc4 Bb7 16. Nxf6+ Bxf6 17. f3 Bh4+ 18. Kf1 Rd2 19. Ne2 Kg7 20. g3 Be7 21.
Nc3 Bc5 22. Ke1 Rc2 23. Ne2 Rd8 24. Rd1 Rxd1+ 25. Kxd1 Rxa2 26. Nc1 Rb2 27. Nd3
Rb1+ 28. Nc1 Ba3 29. Kc2 Rb2+ 30. Kd1 f5 31. Rf1 Rb1 32. Kc2 Rxc1+ 33. Rxc1
Bxc1 34. Kxc1 fxe4 35. fxe4 Bxe4 36. b4 Kf6 37. Bf1 Kg5 38. Kd2 h5 39. Ke3 Bf5
40. h4+ Kg4 41. Kf2 Be4 42. Ke3 Bc2 43. Kf2 e4 44. Be2+ Kh3 45. Bc4 e3+ 46. Kf3
Bf5 47. b5 e2 48. Kxe2 Kxg3 49. Ke3 Kxh4 50. Kf4 Bc2 51. Bf1 g5+ 52. Ke5 Kg3
0-1

[Event "Gothenburg"]
[Site "Gothenburg"]
[Date "1996.??.??"]
[Round "2"]
[White "Gdanski, Jacek"]
[Black "Hellsten, Johan"]
[Result "0-1"]
[WhiteElo "2485"]
[BlackElo "2485"]
[PlyCount "78"]
[EventDate "1996.08.??"]
[EventType "tourn"]
[EventRounds "9"]
[EventCountry "SWE"]
[EventCategory "10"]
[SourceTitle "EXT 2001"]
[Source "ChessBase"]
[SourceDate "2000.11.22"]
[SourceVersion "1"]
[SourceVersionDate "2000.11.22"]
[SourceQuality "1"]

1. e4 c5 2. Nf3 e6 3. d4 cxd4 4. Nxd4 a6 5. Bd3 Nf6 6. O-O Qc7 7. Qe2 d6 8. f4
Nbd7 9. Kh1 b6 10. c4 Bb7 11. Nc3 Be7 12. Bd2 O-O 13. Rae1 Rad8 14. f5 e5 15.
Nb3 Ra8 16. Rf3 Rfc8 17. Nd5 Nxd5 18. cxd5 Qd8 19. Ref1 Bg5 20. Bxg5 Qxg5 21.
f6 Nxf6 22. Rg3 Qh6 23. Qf2 Kh8 24. Qxb6 Rab8 25. Rh3 Qg5 26. Qxd6 Rd8 27. Qc5
Bc8 28. Rg3 Qh4 29. h3 Bd7 30. Qe3 Rb4 31. Qg5 Qxg5 32. Rxg5 Re8 33. Nc5 h6 34.
Rg3 Bb5 35. Bxb5 Rxb5 36. Nxa6 Nxe4 37. Re3 Nd2 38. Rxf7 Rxb2 39. Nc7 Rd8 0-1

[Event "Gothenburg"]
[Site "Gothenburg"]
[Date "1996.??.??"]
[Round "2"]
[White "Moberg, Karl Johan"]
[Black "Ziegler, Ari"]
[Result "1/2-1/2"]
[WhiteElo "2335"]
[BlackElo "2455"]
[PlyCount "156"]
[EventDate "1996.08.??"]
[EventType "tourn"]
[EventRounds "9"]
[EventCountry "SWE"]
[EventCategory "10"]
[SourceTitle "EXT 2001"]
[Source "ChessBase"]
[SourceDate "2000.11.22"]
[SourceVersion "1"]
[SourceVersionDate "2000.11.22"]
[SourceQuality "1"]

1. e4 c5 2. Nf3 d6 3. d4 cxd4 4. Nxd4 Nf6 5. Nc3 Nc6 6. Bg5 e6 7. Qd2 a6 8.
O-O-O h6 9. Be3 Be7 10. f3 Nxd4 11. Bxd4 b5 12. Kb1 Rb8 13. Bxf6 Bxf6 14. Qxd6
Qxd6 15. Rxd6 Ke7 16. Rd3 Be5 17. g3 Bb7 18. Bg2 g5 19. Rhd1 Bc6 20. Ne2 Rhg8
21. Bh1 Rbc8 22. R3d2 Bb8 23. Nc1 h5 24. Nd3 a5 25. e5 h4 26. f4 Bxh1 27. Rxh1
gxf4 28. gxf4 Rcd8 29. c3 h3 30. Kc2 Ba7 31. Re1 Rg2 32. Ree2 Rdg8 33. Nc1 Rxe2
34. Rxe2 Rg4 35. Nd3 Rg2 36. Kd1 Kf8 37. b4 axb4 38. cxb4 Kg7 39. Nc5 Kg6 40.
Ke1 Rg4 41. Re3 Rxf4 42. Rg3+ Kh7 43. Rxh3+ Kg7 44. Rg3+ Kf8 45. Ra3 Bxc5 46.
bxc5 Rc4 47. Ra8+ Ke7 48. Ra7+ Kf8 49. Ra8+ Kg7 50. Rc8 Rc2 51. c6 Rxa2 52. c7
Rc2 53. Kd1 Rc3 54. Kd2 b4 55. h3 Kh7 56. Rb8 Rxc7 57. Rxb4 Kg6 58. Rb3 Kf5 59.
Re3 Kf4 60. Re1 Ra7 61. h4 Ra2+ 62. Kd3 Rf2 63. h5 Kg5 64. Rh1 Kh6 65. Ke4 Rf5
66. Rh4 Rxh5 67. Rf4 Kg6 68. Rf6+ Kg7 69. Rf1 Rh4+ 70. Ke3 Rc4 71. Rf2 Kf8 72.
Rf1 Ke7 73. Rf2 Rc7 74. Ke4 Kd8 75. Rd2+ Kc8 76. Rf2 Rd7 77. Rc2+ Kb7 78. Rc1
Rc7 1/2-1/2

[Event "Gothenburg"]
[Site "Gothenburg"]
[Date "1996.??.??"]
[Round "3"]
[White "Brynell, Stellan"]
[Black "Moberg, Karl Johan"]
[Result "1-0"]
[WhiteElo "2445"]
[BlackElo "2335"]
[PlyCount "72"]
[EventDate "1996.08.??"]
[EventType "tourn"]
[EventRounds "9"]
[EventCountry "SWE"]
[EventCategory "10"]
[SourceTitle "EXT 2001"]
[Source "ChessBase"]
[SourceDate "2000.11.22"]
[SourceVersion "1"]
[SourceVersionDate "2000.11.22"]
[SourceQuality "1"]

1. e4 e5 2. Nf3 Nc6 3. Bb5 a6 4. Bxc6 dxc6 5. O-O f6 6. d4 exd4 7. Nxd4 c5 8.
Ne2 Be6 9. Nbc3 Qxd1 10. Rxd1 Bd6 11. Bf4 O-O-O 12. Rd2 Ne7 13. Rad1 Bxf4 14.
Nxf4 Bf7 15. f3 Rxd2 16. Rxd2 Rd8 17. Rxd8+ Kxd8 18. Kf2 Kd7 19. Ke3 Kd6 20.
Nd3 Bg6 21. g4 c4 22. Ne1 c5 23. f4 b5 24. Nf3 Nc6 25. e5+ fxe5 26. f5 Be8 27.
Ne4+ Ke7 28. c3 a5 29. h4 h5 30. g5 g6 31. f6+ Ke6 32. a4 b4 33. Nxc5+ Kd5 34.
Nb7 Bf7 35. Nd2 bxc3 36. bxc3 Nd8 1-0

[Event "Gothenburg"]
[Site "Gothenburg"]
[Date "1996.??.??"]
[Round "3"]
[White "Hellsten, Johan"]
[Black "Agrest, Evgenij"]
[Result "0-1"]
[WhiteElo "2485"]
[BlackElo "2460"]
[PlyCount "142"]
[EventDate "1996.08.??"]
[EventType "tourn"]
[EventRounds "9"]
[EventCountry "SWE"]
[EventCategory "10"]
[SourceTitle "EXT 2001"]
[Source "ChessBase"]
[SourceDate "2000.11.22"]
[SourceVersion "1"]
[SourceVersionDate "2000.11.22"]
[SourceQuality "1"]

1. d4 f5 2. c4 Nf6 3. Nf3 g6 4. g3 Bg7 5. Bg2 O-O 6. O-O d6 7. Nc3 c6 8. d5 e5
9. dxe6 Bxe6 10. b3 Na6 11. Bb2 Qe7 12. Rc1 Rad8 13. Na4 Rde8 14. Re1 Bc8 15.
a3 Nc7 16. b4 Ne6 17. Nc3 f4 18. Qa4 a6 19. Qb3 Kh8 20. Nb1 Rd8 21. Nbd2 Ng4
22. Rcd1 Bxb2 23. Qxb2+ Ng7 24. Qc3 Kg8 25. Nf1 Ne6 26. Rd2 Nf6 27. Nd4 fxg3
28. hxg3 Ng5 29. Nf3 Nge4 30. Qb2 Nxd2 31. N3xd2 Qg7 32. Rd1 Bg4 33. Nb3 Rfe8
34. Na5 Bc8 35. e3 Rf8 36. Nh2 Qe7 37. b5 axb5 38. cxb5 c5 39. a4 d5 40. Qa3
Ne4 41. Rf1 Ng5 42. Rd1 Nh3+ 43. Bxh3 Bxh3 44. Rd4 Ra8 45. Rh4 Be6 46. Qc3 c4
47. Kg2 Qf6 48. Qxf6 Rxf6 49. Nxb7 Rxa4 50. Nf3 Ra2 51. g4 Rb2 52. g5 Rf8 53.
Nd4 Rfxf2+ 54. Kg3 Bd7 55. Rh1 Rg2+ 56. Kf4 Bxb5 57. Ra1 Bd7 58. Ra8+ Kf7 59.
Ra7 Ke7 60. Nc5 Rbf2+ 61. Nf3 Rg4+ 62. Ke5 Rxf3 63. Rxd7+ Ke8 64. Rxh7 Rxg5+
65. Kd6 Rxe3 66. Ne6 Rxe6+ 67. Kxe6 Kf8 68. Kf6 Rf5+ 69. Kxg6 Rf1 70. Rd7 c3
71. Rxd5 c2 0-1

[Event "Gothenburg"]
[Site "Gothenburg"]
[Date "1996.??.??"]
[Round "3"]
[White "Shulman, Yuri"]
[Black "Chernin, Alexander"]
[Result "1/2-1/2"]
[WhiteElo "2520"]
[BlackElo "2620"]
[PlyCount "64"]
[EventDate "1996.08.??"]
[EventType "tourn"]
[EventRounds "9"]
[EventCountry "SWE"]
[EventCategory "10"]
[Source "ChessBase"]
[SourceVersion "1"]
[SourceVersionDate "1997.02.01"]
[SourceQuality "1"]

1. d4 Nf6 2. c4 e6 3. Nc3 Bb4 4. e3 O-O 5. Nge2 d5 6. a3 Bd6 7. c5 Be7 8. b4 b6
9. Nf4 a5 10. Bb2 c6 11. Be2 Nbd7 12. O-O Ba6 13. Bxa6 Rxa6 14. Nd3 Qa8 15. Qe2
Ne8 16. e4 dxe4 17. Nxe4 Nef6 18. Nc3 Ra7 19. Ne5 Qb7 20. b5 Nxe5 21. dxe5 Nd7
22. bxc6 Qxc6 23. Nb5 Rb7 24. cxb6 Nxb6 25. Rac1 Qd5 26. Rfd1 Qa2 27. Nd6 Rbb8
28. Ra1 Qb3 29. Rd3 Qa4 30. Rd4 Qb3 31. Rd3 Qa4 32. Rd4 Qb3 1/2-1/2

[Event "Gothenburg"]
[Site "Gothenburg"]
[Date "1996.??.??"]
[Round "3"]
[White "Ziegler, Ari"]
[Black "Schneider, Lars Ake"]
[Result "1-0"]
[WhiteElo "2455"]
[BlackElo "2380"]
[PlyCount "73"]
[EventDate "1996.08.??"]
[EventType "tourn"]
[EventRounds "9"]
[EventCountry "SWE"]
[EventCategory "10"]
[SourceTitle "EXT 2001"]
[Source "ChessBase"]
[SourceDate "2000.11.22"]
[SourceVersion "1"]
[SourceVersionDate "2000.11.22"]
[SourceQuality "1"]

1. d4 Nf6 2. c4 e6 3. Nc3 Bb4 4. Qc2 O-O 5. a3 Bxc3+ 6. Qxc3 b6 7. Bg5 Bb7 8.
f3 d6 9. e4 c5 10. d5 Nbd7 11. Nh3 Qe7 12. O-O-O e5 13. Bd3 a6 14. Nf2 Rfb8 15.
Ng4 Qf8 16. Nxf6+ Nxf6 17. Bxf6 gxf6 18. f4 Qh6 19. Kb1 Bc8 20. fxe5 fxe5 21.
Rdf1 b5 22. Qa5 Bd7 23. Rf3 bxc4 24. Bxc4 Rb7 25. Rhf1 Rab8 26. R1f2 Qh4 27.
Rg3+ Kh8 28. Qe1 f5 29. Re2 Qf6 30. Bxa6 Rb6 31. Bc4 f4 32. Rc3 Be8 33. Rf2 Bg6
34. g3 Qg5 35. Ka1 fxg3 36. Rxg3 Qh4 37. Rxg6 1-0

[Event "Gothenburg"]
[Site "Gothenburg"]
[Date "1996.??.??"]
[Round "4"]
[White "Agrest, Evgenij"]
[Black "Chernin, Alexander"]
[Result "1/2-1/2"]
[WhiteElo "2460"]
[BlackElo "2635"]
[PlyCount "21"]
[EventDate "1996.08.??"]
[EventType "tourn"]
[EventRounds "9"]
[EventCountry "SWE"]
[EventCategory "10"]
[SourceTitle "EXT 2001"]
[Source "ChessBase"]
[SourceDate "2000.11.22"]
[SourceVersion "1"]
[SourceVersionDate "2000.11.22"]
[SourceQuality "1"]

1. d4 d5 2. c4 dxc4 3. Nf3 Nf6 4. e3 e6 5. Bxc4 c5 6. O-O a6 7. Bd3 Nbd7 8. b3
b6 9. Bb2 Bb7 10. Nbd2 Be7 11. Qc2 1/2-1/2

[Event "Gothenburg"]
[Site "Gothenburg"]
[Date "1996.??.??"]
[Round "4"]
[White "Gdanski, Jacek"]
[Black "Ziegler, Ari"]
[Result "1-0"]
[WhiteElo "2485"]
[BlackElo "2455"]
[PlyCount "91"]
[EventDate "1996.08.??"]
[EventType "tourn"]
[EventRounds "9"]
[EventCountry "SWE"]
[EventCategory "10"]
[SourceTitle "EXT 2001"]
[Source "ChessBase"]
[SourceDate "2000.11.22"]
[SourceVersion "1"]
[SourceVersionDate "2000.11.22"]
[SourceQuality "1"]

1. e4 c5 2. Nc3 Nc6 3. Nge2 e6 4. d4 cxd4 5. Nxd4 Nf6 6. Ndb5 d6 7. Bf4 e5 8.
Bg5 a6 9. Na3 b5 10. Bxf6 gxf6 11. Nd5 Bg7 12. Bd3 Ne7 13. Nxe7 Qxe7 14. O-O
O-O 15. c3 f5 16. Qh5 d5 17. exd5 e4 18. Bc2 Rb8 19. Rad1 Rb6 20. Qe2 Rh6 21.
f4 Bxc3 22. bxc3 Qxa3 23. Bb3 Qc5+ 24. Qf2 Qxc3 25. Rc1 Qb4 26. Qc5 Qxc5+ 27.
Rxc5 Rd6 28. Kf2 Bd7 29. Rc7 a5 30. a3 Rb8 31. Rb1 Kf8 32. Ke3 Ke7 33. Kd4 Rh6
34. Ba4 Rhb6 35. Kc5 Kd8 36. Ra7 bxa4 37. Rxb6 Rxb6 38. Kxb6 e3 39. Rc7 Bb5 40.
Rc1 Bd3 41. Re1 e2 42. Kxa5 Kd7 43. Kxa4 Kd6 44. Kb4 Kxd5 45. Kc3 Ke4 46. Kd2
1-0

[Event "Gothenburg"]
[Site "Gothenburg"]
[Date "1996.??.??"]
[Round "4"]
[White "Hellsten, Johan"]
[Black "Hector, Jonny"]
[Result "1/2-1/2"]
[WhiteElo "2485"]
[BlackElo "2500"]
[PlyCount "121"]
[EventDate "1996.08.??"]
[EventType "tourn"]
[EventRounds "9"]
[EventCountry "SWE"]
[EventCategory "10"]
[SourceTitle "EXT 2001"]
[Source "ChessBase"]
[SourceDate "2000.11.22"]
[SourceVersion "1"]
[SourceVersionDate "2000.11.22"]
[SourceQuality "1"]

1. d4 d5 2. Nf3 Nf6 3. c4 c6 4. Qc2 g6 5. e3 Na6 6. Bd2 Bf5 7. Qb3 Qb6 8. c5
Qxb3 9. axb3 Nc7 10. Nc3 Nd7 11. b4 a6 12. Be2 Bg7 13. h3 f6 14. O-O e5 15.
dxe5 fxe5 16. e4 dxe4 17. Ng5 Nf6 18. Bc4 Rd8 19. Rad1 Rd4 20. Nf7 Rf8 21. Nd6+
Kd7 22. Be3 Rxd1 23. Rxd1 Ncd5 24. Bxd5 Nxd5 25. Nxd5 cxd5 26. Rxd5 Kc6 27. Rd2
h5 28. Bg5 Rb8 29. Nxf5 gxf5 30. Rd6+ Kc7 31. Re6 Bh8 32. Rh6 Rg8 33. Be7 f4
34. Bd6+ Kd7 35. Rxh5 Ke6 36. Rh7 Bg7 37. Kf1 f3 38. Rh4 fxg2+ 39. Kg1 e3 40.
fxe3 Bf6 41. Rg4 Rxg4 42. hxg4 Bg5 43. e4 Bc1 44. b3 Bd2 45. Bc7 Bxb4 46. Bb6
Bc3 47. Kxg2 Bd4 48. Kf3 Kf6 49. Ke2 Kg5 50. Kd3 Kxg4 51. Kc4 Kf3 52. Kd5 Ke3
53. Bc7 Kf4 54. b4 Bc3 55. Ba5 Ke3 56. Kd6 Kxe4 57. Kc7 Kd5 58. Kxb7 e4 59. c6
Be5 60. Bb6 Kc4 61. Kxa6 1/2-1/2

[Event "Gothenburg"]
[Site "Gothenburg"]
[Date "1996.??.??"]
[Round "4"]
[White "Moberg, Karl Johan"]
[Black "Shulman, Yuri"]
[Result "0-1"]
[WhiteElo "2335"]
[BlackElo "2555"]
[PlyCount "71"]
[EventDate "1996.08.??"]
[EventType "tourn"]
[EventRounds "9"]
[EventCountry "SWE"]
[EventCategory "10"]
[SourceTitle "EXT 2001"]
[Source "ChessBase"]
[SourceDate "2000.11.22"]
[SourceVersion "1"]
[SourceVersionDate "2000.11.22"]
[SourceQuality "1"]

1. e4 e6 2. d4 d5 3. Nd2 c5 4. exd5 exd5 5. Ngf3 Nc6 6. Bb5 Bd6 7. O-O cxd4 8.
Nb3 Nge7 9. Nbxd4 O-O 10. Be3 Qc7 11. h3 a6 12. Be2 Bd7 13. c3 Na5 14. Qc2 Nc4
15. Bxc4 dxc4 16. Ng5 Ng6 17. Nf5 Bc5 18. Rad1 Rad8 19. Bxc5 Qxc5 20. Rd5 Bxf5
21. Rxf5 Qe7 22. Nf3 Rfe8 23. Nd4 Qc7 24. Rf3 Nf4 25. Kh1 g6 26. Re3 Rxe3 27.
fxe3 Nd3 28. b4 Re8 29. Qe2 Qg3 30. Nf3 b5 31. Kg1 Nf4 32. Qd2 Rxe3 33. Ne1
Ne2+ 34. Kh1 Qe5 35. Qd8+ Qe8 36. Qd6 0-1

[Event "Gothenburg"]
[Site "Gothenburg"]
[Date "1996.??.??"]
[Round "4"]
[White "Schneider, Lars Ake"]
[Black "Brynell, Stellan"]
[Result "1/2-1/2"]
[WhiteElo "2380"]
[BlackElo "2445"]
[PlyCount "37"]
[EventDate "1996.08.??"]
[EventType "tourn"]
[EventRounds "9"]
[EventCountry "SWE"]
[EventCategory "10"]
[SourceTitle "EXT 2001"]
[Source "ChessBase"]
[SourceDate "2000.11.22"]
[SourceVersion "1"]
[SourceVersionDate "2000.11.22"]
[SourceQuality "1"]

1. c4 Nf6 2. Nf3 c5 3. g3 g6 4. b3 Bg7 5. Bb2 O-O 6. Bg2 Nc6 7. O-O d6 8. d4
cxd4 9. Nxd4 Bd7 10. Nc3 Qa5 11. Nd5 Nxd5 12. cxd5 Nxd4 13. Bxd4 Rfc8 14. Bxg7
Kxg7 15. Qd4+ Kg8 16. Qe3 Kf8 17. Qh6+ Kg8 18. Qe3 Kf8 19. Qh6+ 1/2-1/2

[Event "Gothenburg"]
[Site "Gothenburg"]
[Date "1996.??.??"]
[Round "5"]
[White "Brynell, Stellan"]
[Black "Gdanski, Jacek"]
[Result "1/2-1/2"]
[WhiteElo "2445"]
[BlackElo "2485"]
[PlyCount "50"]
[EventDate "1996.08.??"]
[EventType "tourn"]
[EventRounds "9"]
[EventCountry "SWE"]
[EventCategory "10"]
[SourceTitle "EXT 2001"]
[Source "ChessBase"]
[SourceDate "2000.11.22"]
[SourceVersion "1"]
[SourceVersionDate "2000.11.22"]
[SourceQuality "1"]

1. e4 e6 2. d4 d5 3. Nd2 c5 4. Ngf3 a6 5. exd5 exd5 6. Be2 c4 7. O-O Bd6 8. b3
b5 9. a4 c3 10. axb5 cxd2 11. Bxd2 Bb7 12. c4 dxc4 13. bxc4 axb5 14. c5 Bc7 15.
Bxb5+ Kf8 16. Rxa8 Bxa8 17. Re1 Ne7 18. Qe2 Bd5 19. Ne5 Bxe5 20. Qxe5 f6 21.
Qd6 Qxd6 22. cxd6 Nec6 23. Ba5 Kf7 24. Bc7 Nxd4 25. Re7+ Kg6 1/2-1/2

[Event "Gothenburg"]
[Site "Gothenburg"]
[Date "1996.??.??"]
[Round "5"]
[White "Chernin, Alexander"]
[Black "Moberg, Karl Johan"]
[Result "1-0"]
[WhiteElo "2635"]
[BlackElo "2335"]
[PlyCount "81"]
[EventDate "1996.08.??"]
[EventType "tourn"]
[EventRounds "9"]
[EventCountry "SWE"]
[EventCategory "10"]
[SourceTitle "EXT 2001"]
[Source "ChessBase"]
[SourceDate "2000.11.22"]
[SourceVersion "1"]
[SourceVersionDate "2000.11.22"]
[SourceQuality "1"]

1. c4 e5 2. Nc3 Bb4 3. Nd5 Be7 4. d4 d6 5. e4 Nf6 6. Nxe7 Qxe7 7. f3 exd4 8.
Qxd4 Nc6 9. Qc3 O-O 10. Be3 Re8 11. Ne2 Ne5 12. Ng3 c6 13. O-O-O d5 14. cxd5
cxd5 15. exd5 Bd7 16. Bc5 Qd8 17. Qa3 Rc8 18. Kb1 Qc7 19. Rc1 Nxd5 20. Be2 Nc6
21. Bd3 Qe5 22. Rhd1 Nf6 23. Ka1 Be6 24. Bb1 Red8 25. Rxd8+ Rxd8 26. Bxa7 Ra8
27. Bd4 Qb8 28. Qe3 Nd5 29. Qe4 g6 30. b3 Qd8 31. Bb2 Ndb4 32. a3 Bxb3 33. Qe3
Be6 34. Ne4 Nd5 35. Qd3 Na5 36. Ba2 Kf8 37. Qd4 f6 38. Qc5+ Kg7 39. Rd1 Qc7 40.
Rxd5 Qxc5 41. Rxc5 1-0

[Event "Gothenburg"]
[Site "Gothenburg"]
[Date "1996.??.??"]
[Round "5"]
[White "Hector, Jonny"]
[Black "Agrest, Evgenij"]
[Result "1/2-1/2"]
[WhiteElo "2500"]
[BlackElo "2460"]
[PlyCount "116"]
[EventDate "1996.08.??"]
[EventType "tourn"]
[EventRounds "9"]
[EventCountry "SWE"]
[EventCategory "10"]
[SourceTitle "EXT 2001"]
[Source "ChessBase"]
[SourceDate "2000.11.22"]
[SourceVersion "1"]
[SourceVersionDate "2000.11.22"]
[SourceQuality "1"]

1. e4 d6 2. d4 Nf6 3. Nc3 g6 4. f4 Bg7 5. Nf3 c5 6. e5 Nfd7 7. dxc5 dxe5 8.
fxe5 Nxe5 9. Qxd8+ Kxd8 10. Bd2 Nxf3+ 11. gxf3 Be6 12. O-O-O Kc8 13. Bg2 Nc6
14. Rhe1 Rd8 15. Na4 Rd4 16. b3 Rh4 17. h3 Kc7 18. f4 Rd8 19. Be3 Bd4 20. Bd2
Bf6 21. b4 Rxd2 22. Kxd2 Rxf4 23. a3 Bg5 24. Kc3 Rf2 25. Bd5 Bf6+ 26. Kb3 Nd4+
27. Rxd4 Bxd4 28. Bxe6 fxe6 29. Rxe6 Rf3+ 30. Kc4 Bf6 31. b5 Rxa3 32. b6+ Kb8
33. bxa7+ Kxa7 34. Nb6 Rxh3 35. Nc8+ Kb8 36. Nxe7 Bxe7 37. Rxe7 h5 38. Kb5 Rh1
39. c6 bxc6+ 40. Kxc6 Rc1 41. Re8+ Ka7 42. Re7+ Ka6 43. Re6 g5 44. Kd5+ Kb7 45.
Rg6 Rd1+ 46. Kc5 Rg1 47. Rg7+ Kc8 48. Rh7 h4 49. c4 Rg3 50. Kd6 Rd3+ 51. Kc6
Kd8 52. Rh5 Rg3 53. Kd6 Ke8 54. Ke6 Kd8 55. Kd6 Kc8 56. Kc6 Kb8 57. Kb6 Rb3+
58. Kc6 Rg3 1/2-1/2

[Event "Gothenburg"]
[Site "Gothenburg"]
[Date "1996.??.??"]
[Round "5"]
[White "Shulman, Yuri"]
[Black "Schneider, Lars Ake"]
[Result "1/2-1/2"]
[WhiteElo "2555"]
[BlackElo "2380"]
[PlyCount "47"]
[EventDate "1996.08.??"]
[EventType "tourn"]
[EventRounds "9"]
[EventCountry "SWE"]
[EventCategory "10"]
[SourceTitle "EXT 2001"]
[Source "ChessBase"]
[SourceDate "2000.11.22"]
[SourceVersion "1"]
[SourceVersionDate "2000.11.22"]
[SourceQuality "1"]

1. e4 c5 2. Nf3 Nc6 3. Nc3 d6 4. d4 cxd4 5. Nxd4 Nf6 6. Bg5 e6 7. Qd2 a6 8.
O-O-O Bd7 9. f3 Be7 10. h4 Qc7 11. g4 h5 12. gxh5 Nxh5 13. Bxe7 Nxe7 14. Nde2
Bc6 15. Qxd6 Qxd6 16. Rxd6 Ng6 17. Rd2 Ke7 18. Rh2 Nhf4 19. Nxf4 Nxf4 20. Ne2
Nxe2+ 21. Bxe2 Rh6 22. Rd1 Rah8 23. Rdh1 Rh5 24. Kd2 1/2-1/2